| 000 | 01047nas a2200337 4500 | ||
|---|---|---|---|
| 001 | BR0403449 | ||
| 003 | BR-BrBNA | ||
| 005 | 20231205104701.0 | ||
| 007 | ta | ||
| 008 | 230509b bl.|||p| |||| 00| 00por d | ||
| 040 |
_aBR-BrBNA _bpor _cBiblioteca Nacional de Agricultura |
||
| 041 | _a(Pt) | ||
| 072 | _aL02; Q54 | ||
| 100 | 1 | _aLeandro, N.S.M. | |
| 100 | 1 | _aCafé, M.B. | |
| 100 | 1 | _aStringhini, J.H. | |
| 100 | 1 | _aMoraes Filho, R. | |
| 100 | 1 | _aMoura, K.A. de | |
| 100 | 1 | _aSilva Júnior, R.P. da | |
| 245 | 1 | _aPlano nutricional com diferentes níveis de proteína bruta e energia metabolizável na ração, para frangos de corte | |
| 650 | _aFRANGO DE CORTE | ||
| 650 | _aDIETA | ||
| 650 | _aPROTEÍNA BRUTA | ||
| 650 | _aCOMPOSIÇÃO DE ALIMENTO | ||
| 650 | _aCARCAÇA | ||
| 650 | _aRENDIMENTO | ||
| 650 | _aCOMERCIALIZAÇÃO | ||
| 773 | 0 |
_tRevista Brasileira de Zootecnia (Brazil) _xISSN 1516-3598 _g(May-Jun 2003), v. 32(3) p. 620-631 _wBR0403449 |
|
| 909 |
_a202311 _bLúcia _c55 _dLúcia Elande |
||
| 942 |
_2AGRIS _n0 _cANA |
||
| 999 |
_c179259 _d179259 |
||